LEADER 00975nam0-2200325---450- 001 990010108300403321 005 20161006085706.0 010 $a978-88-317-1789-2 035 $a001010830 035 $aFED01001010830 035 $a(Aleph)001010830FED01 035 $a001010830 100 $a20161006d2014----km-y0itay50------ba 101 0 $aita 102 $aIT 105 $ay-------001yy 200 1 $a<>centro-sinistra di Aldo Moro (1958-1968)$fPietro Panzarino$gpresentazione di Agostino Giovagnoli 210 $aVenezia ; Marsilio ; [Roma]$cIstituto Luigi Sturzo$d2014 215 $aXII, 225 p.$d21 cm 225 1 $aSaggi 610 0 $aItalia$aGoverno [di] Moro, Aldo$a1958-1968 676 $a945.0926$v22$zita 700 1$aPanzarino,$bPietro 702 1$aGiovagnoli,$bAgostino$f<1952- > 801 0$aIT$bUNINA$gREICAT$2UNIMARC 901 $aBK 912 $a990010108300403321 952 $aXIV B 2606$b1145/2016$fFSPBC 959 $aFSPBC 997 $aUNINA LEADER 01598nam 2200481I 450 001 9910704685503321 005 20130624122548.0 035 $a(CKB)5470000002442857 035 $a(OCoLC)849904927 035 $a(EXLCZ)995470000002442857 100 $a20130624d2012 ua 0 101 0 $aeng 135 $aurmn||||||||| 181 $ctxt$2rdacontent 182 $cc$2rdamedia 183 $acr$2rdacarrier 200 10$aCompact fuel element environment test /$fD.E. Bradley [and three others] 210 1$aHuntsville, Alabama :$cNational Aeronautics and Space Administration, Marshall Space Flight Center,$d2012. 215 $a1 online resource (viii, 63 pages) $cillustrations (some color) 225 1 $aNASA/TM ;$v2012-217476 300 $aTitle from title screen (viewed on June 24, 2013). 300 $a"December 2012." 320 $aIncludes bibliographical references (page 63). 606 $aNuclear fuels$2nasat 606 $aRocket nozzles$2nasat 606 $aCermets$2nasat 606 $aHydrogen fuels$2nasat 606 $aHigh temperature gases$2nasat 606 $aRadio frequency heating$2nasat 615 7$aNuclear fuels. 615 7$aRocket nozzles. 615 7$aCermets. 615 7$aHydrogen fuels. 615 7$aHigh temperature gases. 615 7$aRadio frequency heating. 700 $aBradley$b D. E.$01399835 712 02$aGeorge C. Marshall Space Flight Center, 801 0$bGPO 801 1$bGPO 906 $aBOOK 912 $a9910704685503321 996 $aCompact fuel element environment test$93465834 997 $aUNINA LEADER 02042nam0 22003973i 450 001 CFI0202585 005 20251003044134.0 010 $a8815028366 100 $a19920510d1990 ||||0itac50 ba 101 | $aita 102 $ait 181 1$6z01$ai $bxxxe 182 1$6z01$an 183 1$6z01$anc$2RDAcarrier 200 1 $aDivari regionali e dualismo economico$eprodotto e reddito disponibile delle regioni italiane nell'ultimo ventennio$fEnrico Wolleb, Guglielmo Wolleb 210 $a[Bologna]$cIl mulino$d[1990] 215 $a345 p.$d22 cm 225 | $aCollana della Svimez 410 0$1001CFI0074511$12001 $aCollana della Svimez$171202$aSvimez$3CFIV025373 500 10$aDivari regionali e dualismo economico.$3MSE0074876$9CFIV060205$9644065 676 $a338.945$9SVILUPPO ECONOMICO E POLITICHE DI SVILUPPO. Italia$v20 676 $a338.945$9SVILUPPO ECONOMICO. Italia$v21 676 $a339.20945$9DISTRIBUZIONE DEL REDDITO E DELLA RICCHEZZA. Italia$v21 700 1$aWolleb$b, Enrico$3CFIV060205$4070$035233 701 1$aWolleb$b, Guglielmo$3CFIV116051$4070$035234 712 02$aSvimez$3CFIV025373 791 02$aAssociazione per lo sviluppo dell'industria nel Mezzogiorno$3CFIV025374$zSvimez 791 02$aAssociazione per lo sviluppo dell'industria nel Mezzogiorno$3CFIV025374$zSvimez 801 3$aIT$bIT-000000$c19920510 850 $aIT-BN0095 901 $bNAP 01$cPOZZO LIB.$nVi sono collocati fondi di economia, periodici di ingegneria e scienze, periodici di economia e statistica e altri fondi comprendenti documenti di economia pervenuti in dono. 912 $aCFI0202585 950 0$aBiblioteca Centralizzata di Ateneo$c1 v.$d 01POZZO LIB.ECON MON 3225$e 0101 0000119445E VMA 1 v.$fB $h20210316$i20210316$c1 v. (2 copie)$d 01POZZO LIB.ECON MON 4574$e 0101 0000117755E VMA 1 v. (2. copia)$fB $h20210324$i20210324 977 $a 01 996 $aDivari regionali e dualismo economico$9644065 997 $aUNISANNIO